LEADER 02430nas 22007213a 450 001 996335750903316 005 20240413022813.0 035 $a(CKB)110978978384221 035 $a(CONSER)sn-94004337- 035 $a(EXLCZ)99110978978384221 100 $a19940524a19949999 --- a 101 0 $aeng 181 $ctxt$2rdacontent 182 $cc$2rdamedia 183 $acr$2rdacarrier 200 00$aPhillips Business Information's interactive video news 210 $aPotomac, MD $cPhillips Business Information$d[1994?-] 215 $a1 online resource 300 $aTitle from caption. 311 08$aPrint version: Phillips Business Information's interactive video news. 1076-4526 (DLC)sn 94004337 (OCoLC)30487298 517 1 $aInteractive video news 531 $aINTERACTIVE VIDEO NEWS 531 $aNEWS 531 $aPHILLIPS BUSINESS INFORMATIONS INTERACTIVE VIDEO NEWS 531 0 $aPhillips Bus. Inf. interact. video news 606 $aInteractive videos$vPeriodicals 606 $aInteractive multimedia$vPeriodicals 606 $aMarketing$vPeriodicals 606 $aPurchasing$vPeriodicals 606 $aVideo recording$vPeriodicals 606 $aMarketing$vPériodiques 606 $aAchat$vPériodiques 606 $aVidéo$vPériodiques 606 $aVidéos interactives$vPériodiques 606 $aMultimédias interactifs$vPériodiques 606 $aVideo recording$2fast$3(OCoLC)fst01166452 606 $aPurchasing$2fast$3(OCoLC)fst01084263 606 $aMarketing$2fast$3(OCoLC)fst01010167 606 $aInteractive multimedia$2fast$3(OCoLC)fst00975995 606 $aInteractive videos$2fast$3(OCoLC)fst01735623 608 $aPeriodicals.$2fast 615 0$aInteractive videos 615 0$aInteractive multimedia 615 0$aMarketing 615 0$aPurchasing 615 0$aVideo recording 615 6$aMarketing 615 6$aAchat 615 6$aVidéo 615 6$aVidéos interactives 615 6$aMultimédias interactifs 615 7$aVideo recording. 615 7$aPurchasing. 615 7$aMarketing. 615 7$aInteractive multimedia. 615 7$aInteractive videos. 676 $a384 712 02$aPhillips Business Information, Inc. 906 $aJOURNAL 912 $a996335750903316 920 $aexl_impl conversion 996 $aPhillips Business Information's interactive video news$92421517 997 $aUNISA